Farm slurry - an asset not a waste (Record no. 57314)

MARC details
000 -LEADER
fixed length control field 00933cab a2200229 4500
001 - CONTROL NUMBER
control field ABS59861
008 - FIXED-LENGTH DATA ELEMENTS--GENERAL INFORMATION
fixed length control field 090401t1998 xxu||||| |||| 00| 0 eng d
035 ## - SYSTEM CONTROL NUMBER
System control number (Sirsi) u90404
041 ## - LANGUAGE CODE
Language code of text/sound track or separate title eng
100 ## - MAIN ENTRY--PERSONAL NAME
Personal name Merriman, B.
245 ## - TITLE STATEMENT
Title Farm slurry - an asset not a waste
260 ## - PUBLICATION, DISTRIBUTION, ETC.
Date of publication, distribution, etc. 1998
350 ## - PRICE (NR) (BK AM CF MU VM SE) [OBSOLETE]
Price 0
490 ## - SERIES STATEMENT
Series statement Wastes Management
Volume/sequential designation December 1998, 26-27(2)
520 ## - SUMMARY, ETC.
Summary, etc. Outlines the main reasons for trends in reported farm pollution incidents in England and Wales. Identifies farm slurry as a potential source of nutrients as opposed to a waste product which could be used for the benefit of agriculture. To this end the Environment Agency is working to turn farm waste management plans into farm nutrient management plans.
650 ## - SUBJECT ADDED ENTRY--TOPICAL TERM
Topical term or geographic name entry element FARM SLURRY
650 ## - SUBJECT ADDED ENTRY--TOPICAL TERM
Topical term or geographic name entry element FARM WASTE
650 ## - SUBJECT ADDED ENTRY--TOPICAL TERM
Topical term or geographic name entry element SILAGE SLURRY AND AGRICULTURAL FUEL OIL REGULATIONS 1991
690 ## - LOCAL SUBJECT ADDED ENTRY--TOPICAL TERM (OCLC, RLIN)
Topical term or geographic name as entry element RURAL PRACTICE
942 ## - ADDED ENTRY ELEMENTS (KOHA)
Suppress in OPAC 0
948 ## - LOCAL PROCESSING INFORMATION (OCLC); SERIES PART DESIGNATOR (RLIN)
c (OCLC) 21/12/1998
Holdings
Withdrawn status Lost status Source of classification or shelving scheme Damaged status Not for loan Home library Current library Shelving location Date acquired Total Checkouts Full call number Barcode Date last seen Copy number Price effective from Koha item type
    Dewey Decimal Classification     London London Journal article 14/09/1999   ABS59861 90404-1001 06/08/2019 1 06/08/2019 Journal article